000
00312nam a22001217a 4500
041
_a
ENG
100
_a
Maddala.R
245
_a
International Encyclopaedia of Agricultural Engineering
260
_a
Delhi
_b
Anmol Publications PVT
_c
2007
300
_a
300
650
_a
Competitive Exam
856
_u
Competitive Exam
999
_c
689
_d
689